|
|
|
|
| LEADER |
00000cam a2200000 a 4500 |
| 001 |
107177 |
| 005 |
20230308172624.0 |
| 008 |
009031|2008 ||||||||r|||||||||||spa|| |
| 020 |
|
|
|a 9789506415334
|
| 040 |
|
|
|b spa
|
| 041 |
1 |
|
|a spa
|
| 082 |
0 |
|
|a 658.401 2
|
| 100 |
1 |
|
|a Herrscher, Enrique G.
|9 64139
|
| 245 |
|
|
|a Planeamiento sistémico
|b Un enfoque estratégico en la turbulencia
|c Enrique G. Herrscher
|h imp
|
| 264 |
|
|
|a Buenos Aires
|b Granica
|c 2008
|
| 300 |
|
|
|a 286 páginas:
|c 22 cm
|
| 504 |
|
|
|a incl. ref.
|
| 650 |
1 |
|
|a Planeamiento sistemico
|9 66580
|
| 650 |
1 |
|
|a Planeamiento estrategico
|9 40377
|
| 650 |
1 |
|
|a Competitividad
|9 19181
|
| 650 |
1 |
|
|a Plan de negocios
|9 48609
|
| 650 |
1 |
|
|a Diagramas de flujos
|9 66581
|
| 650 |
1 |
|
|a Modelo sistemico
|9 22822
|
| 650 |
1 |
|
|a Planeamiento en la docencia
|9 66582
|
| 852 |
|
|
|a UC-CDJBV
|c SEGUNDO PISO
|f Compra
|k alicia.criollo
|l 1
|m General
|p 20090313
|q 21,26
|r 2
|t 107177
|y 279936
|b 0
|d CDRC
|e CDRC
|g 658.401 2 SEGUNDO PISO
|z 2009-90-31
|
| 942 |
|
|
|c BK
|0 1
|
| 999 |
|
|
|c 40430
|d 40430
|